| 000 | 00914nam a2200241Ia 4500 | ||
|---|---|---|---|
| 999 |
_c47136 _d47136 |
||
| 001 | 13994 | ||
| 003 | GE_BSU | ||
| 005 | 20241023112912.0 | ||
| 008 | 181216s2011||||ge |||||||||||||| ||geo|| | ||
| 020 | _a9789941153839 | ||
| 040 | _cGE_BSU | ||
| 041 | _ageo | ||
| 080 | _a821.353.1-31 მ-85 | ||
| 100 |
_aმორჩილაძე, აკა _923495 |
||
| 245 |
_a ათტომეული. [ტ.] 2, ფალიაშვილის ქუჩის ძაღლები : _bრომანი / _cაკა მორჩილაძე. |
||
| 264 |
_aთბილისი : _bბაკურ სულაკაურის გამ-ბა, _c2011. |
||
| 300 |
_a157 გვ. ; _c20 სმ. |
||
| 541 | _h7ლ.90თ. | ||
| 653 | _aათტომეული | ||
| 653 | _aრომანი | ||
| 653 | _aფალიაშვილის ქუჩის ძაღლები | ||
| 942 |
_cBK _2udc |
||